লোডিং...

രേഖയില്ലാത്ത ഒരാള്‍

গ্রন্থ-পঞ্জীর বিবরন
প্রধান লেখক: എസ് വി വേണുഗോപന്‍ നായര്‍, S V Venugopan Nair
বিন্যাস: Printed Book
প্রকাশিত: Chirayinkil; Saritha Books; 1984
সংস্করন:1st
বিষয়গুলি:
LEADER 01121nam a22002057a 4500
082 |a 894.M301  |b VEN1/R M4 
100 |a എസ് വി വേണുഗോപന്‍ നായര്‍;  |9 151633 
100 |a S V Venugopan Nair  |9 151634 
240 |a Rekhayillatha oralu 
245 |a രേഖയില്ലാത്ത ഒരാള്‍ 
250 |a 1st 
260 |a Chirayinkil;  |b Saritha Books;  |c 1984 
300 |a 128p. 
500 |a 1984 ലെ ഇടശ്ശേരി അവാര്‍ഡ് 
650 |a മലയാളം; മലയാളം സാഹിത്യം; മലയാളം ചെറുകഥകള്‍  |9 151635 
650 |a Malayalam; Malayalam Literature; Malayalam Short Stories; 1984- Edassery Award  |9 151636 
942 |c BK 
999 |c 34310  |d 34310 
952 |0 0  |1 0  |4 0  |6 894_000000000000000_M301_VEN1_R_M4  |7 0  |8 FIC  |9 38118  |a MAL  |b MAL  |d 2015-05-26  |e 33376  |g 10.00  |l 0  |o 894.M301 VEN1/R M4  |p MAL033376  |r 2015-05-26  |t 1  |w 2015-05-26  |y BK 
952 |0 0  |1 0  |4 0  |6 894_000000000000000_M301_VEN1_R_M41  |7 0  |8 FIC  |9 38119  |a MAL  |b MAL  |d 2015-05-26  |e 36260  |g 10.00  |l 0  |o 894.M301 VEN1/R M4;1  |p MAL036260  |r 2015-05-26  |t 2  |w 2015-05-26  |y BK